000 00549nam a22002057a 4500
003 OSt
005 20180302185515.0
008 140630b xxu||||| |||| 00| 0 eng d
020 _a9788126521531
040 _c040a
082 _221
_a003.5 NIS 2009
100 _aNise, Norman S.
_993
245 _aControl System Engineering
250 _a5th ed.
260 _aIndia;
_bWiley,
_c2009
300 _axviii, 861 p;
_bill :
_c24cm .
504 _aincludes bibliographical references and index
651 _aEngineering system
_994
942 _2ddc
_cO_SHELF
999 _c30
_d30